000 00251nam a2200097Ia 4500
001 921702
005 20250826191430.0
008 250824s9999 xx 000 0 und d
245 0 _aARSEN LUPEN KİBAR HIRSIZ
_cMAURICE LEBLANC
260 _bANONİM YAYINLARI
999 _c921702
_d921702